Book Title Fill-in-the-Blank Quiz Stats

 Plays Quiz Updated Jun 27, 2016

Score 0/42 Timer 05:00
12 Plays Today
Book Title Missing Word % Correct
To Kill a _____Mockingbird
97.4%
A _____ of Two CitiesTale
97.2%
Charlie and the _____ FactoryChocolate
97.1%
The _____ in the RyeCatcher
94.7%
Of _____ and MenMice
94.5%
_____ of the FliesLord
92%
War and _____Peace
91.8%
The Grapes of _____Wrath
91.5%
Crime and _____Punishment
90.9%
_____ Tom’s CabinUncle
90.8%
The _____ of the WorldsWar
90.4%
For Whom the _____ TollsBell
90.3%
The Hitchhiker’s Guide to the _____Galaxy
89.4%
The _____ of the MohicansLast
86.5%
The _____ LetterScarlet
86.3%
The _____ MachineTime
85.6%
_____ HeightsWuthering
81.3%
All _____ on the Western FrontQuiet
80.3%
The Red _____ of CourageBadge
78.7%
_____ of Huckleberry FinnAdventures
78.7%
The Picture of _____ GrayDorian
75.8%
Book Title Missing Word % Correct
A Farewell to _____Arms
74.1%
_____ of the BaskervillesHound
73.3%
Watership _____Down
73%
The Kite _____Runner
69.2%
The _____ of Being EarnestImportance
67.3%
The World _____ to GarpAccording
67.3%
_____ BovaryMadame
66.5%
The _____ of Madison CountyBridges
65.7%
Stranger in a _____ LandStrange
65.4%
The Great Train _____Robbery
60.1%
The Sound and the _____Fury
58.9%
Love in the Time of _____ Cholera
53.7%
Their Eyes Were Watching _____God
53.3%
_____ In RodantheNights
51.5%
_____ KaramazovBrothers
51%
One Hundred Years of _____Solitude
48.6%
The _____ of TidesPrince
46.2%
A _____ to IndiaPassage
46.1%
Of _____ BondageHuman
39.2%
Cry, The Beloved _____ Country
38.9%
A _____ for Owen MeanyPrayer
35.6%

You're not logged in!

Compare scores with friends on all Sporcle quizzes.
OR
Log In

Show Comments

Extras

Top Quizzes Today


Score Distribution

Your Account Isn't Verified!

In order to create a playlist on Sporcle, you need to verify the email address you used during registration. Go to your Sporcle Settings to finish the process.

Report this User

Report this user for behavior that violates our Community Guidelines.

Details: